| 000 | 01233nac a22003251i 4500 | ||
|---|---|---|---|
| 003 | EG-ScBUE | ||
| 005 | 20250622090515.0 | ||
| 008 | 250611s1981 si a f b 001 0 eng d | ||
| 020 | _a0070666474 | ||
| 020 | _a9780070666474 | ||
| 040 |
_aEG-ScBUE _beng _erda _cEG-ScBUE _dEG-ScBUE |
||
| 082 | 0 | 4 |
_a536 _bZEM _222 |
| 100 | 1 |
_aZemansky, Mark Waldo, _d1900-1981, _eauthor. |
|
| 245 | 1 | 0 |
_aHeat and thermodynamics : _ban intermediate textbook / _cMark W. Zemansky, Ph.D., professor of physics, emeritus, The City College of The City University of New York, Richard H. Dittman, Ph.D., associate professor of physics, University of Wisconsi-Milwaukee. |
| 250 | _aSixth edition. | ||
| 250 | _aInternational edition. | ||
| 264 | 1 |
_aSingapore : _bMcGraw-Hill Book Company, _c1981. |
|
| 300 |
_axv, 543 pages : _billustrations ; _c24 cm. |
||
| 336 |
_2rdacontent _atext _btxt |
||
| 337 |
_aunmediated _2rdamedia _bn |
||
| 338 |
_avolume _bnc _2rdacarrier |
||
| 490 | 0 | _aPhysics series | |
| 500 | _aIncludes Appendices. | ||
| 504 | _aIncludes bibliographical references and index. | ||
| 650 | 7 |
_aHeat. _2BUEsh |
|
| 650 | 7 |
_aThermodynamics. _2BUEsh |
|
| 655 | _vReading book | ||
| 700 | 1 |
_aDittman, Richard, _eauhor. |
|
| 942 |
_cBB _2ddc |
||
| 999 |
_c9417 _d9417 |
||